ბათუმის შოთა რუსთაველის სახელმწიფო უნივერსიტეტის ბიბლიოთეკა

Агрохимия (ბიბ.ჩანაწერი № 45659)

000 -LEADER
fixed length control field 00549nam a2200217Ia 4500
001 - CONTROL NUMBER
control field 12485
003 - CONTROL NUMBER IDENTIFIER
control field GE_BSU
008 - FIXED-LENGTH DATA ELEMENTS--GENERAL INFORMATION
fixed length control field 181216s||||||||xx |||||||||||||| ||und||
040 ## - CATALOGING SOURCE
Transcribing agency GE_BSU
080 ## - UNIVERSAL DECIMAL CLASSIFICATION NUMBER
Universal Decimal Classification number 63(075.8)
100 ## - MAIN ENTRY--PERSONAL NAME
Personal name Смирнов,Л.М.
245 ## - TITLE STATEMENT
Title Агрохимия
245 ## - TITLE STATEMENT
Remainder of title Уч. пособ. для агрономич. фак-в
245 ## - TITLE STATEMENT
Statement of responsibility, etc. Ред.Ю.Г.Челышкин
260 ## - PUBLICATION, DISTRIBUTION, ETC.
Place of publication, distribution, etc. Москва
260 ## - PUBLICATION, DISTRIBUTION, ETC.
Name of publisher, distributor, etc. Колос
260 ## - PUBLICATION, DISTRIBUTION, ETC.
Date of publication, distribution, etc. 1981
300 ## - PHYSICAL DESCRIPTION
Extent 318стр.22см.
653 ## - INDEX TERM--UNCONTROLLED
Uncontrolled term Агрохимия
942 ## - ADDED ENTRY ELEMENTS (KOHA)
Koha item type წიგნი
ეგზემპლარები
Withdrawn status Lost status Damaged status Not for loan Date acquired Barcode Date last seen Price effective from Koha item type
        2018-12-17 20519 2018-12-17 2018-12-17 წიგნი
        2018-12-17 20824 2018-12-17 2018-12-17 წიგნი
        2018-12-17 20825 2018-12-17 2018-12-17 წიგნი
        2018-12-17 20826 2018-12-17 2018-12-17 წიგნი
        2018-12-17 20827 2018-12-17 2018-12-17 წიგნი
        2018-12-17 20828 2018-12-17 2018-12-17 წიგნი
        2018-12-17 20829 2018-12-17 2018-12-17 წიგნი
        2018-12-17 20830 2018-12-17 2018-12-17 წიგნი
        2018-12-17 20831 2018-12-17 2018-12-17 წიგნი
        2018-12-17 20832 2018-12-17 2018-12-17 წიგნი
        2018-12-17 20833 2018-12-17 2018-12-17 წიგნი